000 00512nam a2200193Ia 4500
005 20250508153301.0
008 008 250505s9999 xx 000 0 hin d
037 _aTextual
040 _aFEDL
_beng
_cFEDL
041 _ahin
_2eng
084 _a330, BRO
_qFEDL
100 _aBrown A. J.
245 0 _aWishiva arth vyavastha: Ek parichya
260 _aDelhi, India
_bRajkamal Parkashan
_c1963
300 _a237p
650 _aEconomics
942 _cTEXL
_h330, BRO
999 _c1341731
_d1341731